[Event "Wch U14 Girls"]
[Site "Porto Carras"]
[Date "2018.10.20"]
[Round "1"]
[White "He, Emma"]
[Black "Mehmed, Elif"]
[Result "0-1"]
[WhiteElo "1674"]
[BlackElo "2049"]
[PlyCount "104"]
[EventDate "2018.10.20"]
[EventType "swiss"]
[EventRounds "11"]
[EventCountry "GRE"]
[SourceTitle "CBM 187 Extra"]
[Source "ChessBase"]
[SourceDate "2018.11.04"]
[SourceVersion "1"]
[SourceVersionDate "2018.11.04"]
[SourceQuality "1"]

1. e4 c5 2. Nf3 d6 3. c3 Nf6 4. h3 Bd7 5. Bd3 Bc6 6. Qe2 Nh5 7. Bc2 Nf4 8. Qf1 d5 9. Ne5 dxe4 10. Nxc6 Nxc6 11. Bxe4 Qc7 12. d3 Ng6 13. Be3 e6 14. Na3 a6 15. Nc2 Bd6 16. d4 cxd4 17. Nxd4 Nxd4 18. Bxd4 f5 19. Bc2 e5 20. Be3 0-0 21. 0-0-0 Rad8 22. h4 b5 23. h5 Ne7 24. g4 e4 25. Rg1 Bf4 26. Kb1 Bxe3 27. fxe3 fxg4 28. Qe2 Rxd1+ 29. Qxd1 Nf5 30. Qxg4 Nxe3 31. Bb3+ Kh8 32. Qxe4 Nc4 33. Bxc4 Qxc4 34. Qxc4 bxc4 35. Re1 Kg8 36. Re4 Rf1+ 37. Kc2 Rf2+ 38. Kc1 Rh2 39. Rxc4 Rxh5 40. Kc2 Re5 41. Kd3 g5 42. Re4 Rf5 43. b4 h5 44. c4 g4 45. c5 g3 46. c6 g2 47. c7 Rf8 48. Re1 h4 49. Rg1 h3 50. Ke3 Kh7 51. c8Q Rxc8 52. Kf2 h2 0-1

[Event "CAN-ch U14 Girls"]
[Site "Quebec"]
[Date "2018.07.04"]
[Round "5.54"]
[White "Wu, Ingrid"]
[Black "He, Emma"]
[Result "0-1"]
[WhiteElo "1286"]
[BlackElo "1906"]
[PlyCount "102"]
[EventDate "2018.07.02"]
[EventType "swiss"]
[EventRounds "7"]
[EventCountry "CAN"]
[SourceTitle "EXT 2022"]
[Source "ChessBase"]
[SourceDate "2021.10.06"]
[SourceVersion "1"]
[SourceVersionDate "2021.10.06"]
[SourceQuality "1"]

1. e4 e5 2. Nf3 Nc6 3. Bc4 Nf6 4. d3 Bc5 5. c3 0-0 6. 0-0 d6 7. Nbd2 a6 8. h3 Ba7 9. a3 Ne7 10. Re1 Ng6 11. Nf1 Nh5 12. Be3 Nhf4 13. Ng3 Qf6 14. d4 h5 15. Bxf4 Nxf4 16. dxe5 dxe5 17. Bf1 Rd8 18. Qc2 Nxh3+ 19. gxh3 Qxf3 20. Nf5 Re8 21. Bg2 Qf4 22. Ne3 Be6 23. Rad1 Rad8 24. Qe2 Bxe3 25. Qxe3 Qxe3 26. fxe3 Kf8 27. Kf2 Ke7 28. Kg3 g5 29. Rf1 h4+ 30. Kh2 Rxd1 31. Rxd1 Rd8 32. Bf3 Rxd1 33. Bxd1 a5 34. b3 Kd6 35. b4 axb4 36. cxb4 c5 37. b5 c4 38. Bc2 Kc5 39. a4 c3 40. Kg2 Kb4 41. b6 Ka5 42. Bd1 Kxb6 43. Bc2 Ka5 44. Bd1 Kb4 45. Bc2 Bb3 46. Bd3 c2 47. Bxc2 Bxc2 48. Kf3 Bd1+ 49. Kf2 Kxa4 50. Ke1 Bb3 51. Kd2 Be6 0-1

[Event "Wch U14 Girls"]
[Site "Montevideo"]
[Date "2017.09.23"]
[Round "8"]
[White "Lesbekova, Asel"]
[Black "He, Emma"]
[Result "1-0"]
[WhiteElo "1738"]
[BlackElo "1664"]
[PlyCount "111"]
[EventDate "2017.09.17"]
[EventType "swiss"]
[EventRounds "11"]
[EventCountry "URU"]
[SourceTitle "CBM 180 Extra"]
[Source "ChessBase"]
[SourceDate "2017.10.06"]
[SourceVersion "1"]
[SourceVersionDate "2017.10.06"]
[SourceQuality "1"]

1. e4 e5 2. Nf3 Nc6 3. d4 exd4 4. Nxd4 Qf6 5. Nb3 a5 6. Nc3 Bb4 7. Bd2 Qg6 8. Qe2 a4 9. Nb5 axb3 10. Nxc7+ Kd8 11. Nxa8 Nd4 12. Qc4 Qxe4+ 13. Kd1 bxc2+ 14. Kc1 Bxd2+ 15. Kxd2 Qf4+ 16. Kd3 Nf6 17. Qc7+ Qxc7 18. Nxc7 Nc6 19. Nb5 Ng4 20. Kxc2 Nxf2 21. Rg1 d5 22. Nd6 Rf8 23. Bb5 Nd4+ 24. Kc3 Nxb5+ 25. Nxb5 Be6 26. Nd4 Ne4+ 27. Kd3 Bg4 28. h3 Bd7 29. Rac1 f5 30. Rc2 Rf6 31. Rgc1 g5 32. Nf3 Bc6 33. Ne5 Kc7 34. a4 Re6 35. Kd4 Kb6 36. a5+ Kb5 37. a6 Kb6 38. a7 Kxa7 39. Nxc6+ bxc6 40. Rxc6 Re8 41. Rc8 Re6 42. R1c6 Rxc6 43. Rxc6 Kb7 44. Kxd5 h5 45. Rg6 g4 46. hxg4 hxg4 47. Ke5 Ng3 48. Kf4 Nf1 49. Rf6 Nd2 50. Rxf5 Nc4 51. b4 Nd6 52. Rg5 Kc6 53. Rg6 Kd5 54. Rxd6+ Kxd6 55. Kxg4 Kc6 56. Kf5 1-0

[Event "Pan American-ch U14 Girls"]
[Site "San Jose"]
[Date "2017.07.03"]
[Round "5"]
[White "Diaz Charpentier, Kristel Melissa"]
[Black "He, Emma"]
[Result "0-1"]
[WhiteElo "1496"]
[BlackElo "1558"]
[PlyCount "108"]
[EventDate "2017.07.01"]
[EventType "swiss"]
[EventRounds "9"]
[EventCountry "CRI"]
[SourceTitle "EXT 2022"]
[Source "ChessBase"]
[SourceDate "2021.10.06"]
[SourceVersion "1"]
[SourceVersionDate "2021.10.06"]
[SourceQuality "1"]

1. e4 e5 2. Nf3 Nc6 3. Bc4 Nf6 4. d3 Be7 5. Nc3 d6 6. h3 Na5 7. Bb3 c5 8. Be3 a6 9. Qd2 b5 10. Nd5 Nxd5 11. Bxd5 Rb8 12. 0-0 0-0 13. Nh2 Bb7 14. Bxb7 Rxb7 15. f4 Nc6 16. f5 d5 17. Qc1 dxe4 18. dxe4 Nd4 19. Qd1 Rd7 20. Bxd4 Rxd4 21. Qg4 Rd2 22. Kh1 Rxc2 23. Rad1 Qb6 24. Nf3 Qc7 25. f6 Bxf6 26. Ne1 Rxb2 27. Rxf6 Rd8 28. Rxd8+ Qxd8 29. Rc6 h5 30. Qc8 Qxc8 31. Rxc8+ Kh7 32. Nd3 Rb1+ 33. Kh2 c4 34. Nxe5 f6 35. Nd7 Ra1 36. Rc7 Kh6 37. Nb6 Rxa2 38. Nd5 Ra4 39. Kg3 a5 40. Rc5 Ra3+ 41. Kf4 Rb3 42. Nc7 b4 43. Rxc4 g5+ 44. Kf5 Rc3 45. Rd4 Rxc7 46. Rd1 Rb7 47. Ke6 b3 48. Rb1 b2 49. Kd5 a4 50. Kc4 a3 51. Kc3 a2 52. Rxb2 h4 53. Kd3 Rb3+ 54. Kc4 Rd3 0-1

[Event "Windsor NAYCC U12 Girls"]
[Site "Windsor"]
[Date "2016.08.11"]
[Round "9.122"]
[White "Garai, Antara"]
[Black "He, Emma"]
[Result "0-1"]
[WhiteElo "1465"]
[BlackElo "1446"]
[PlyCount "120"]
[EventDate "2016.08.07"]
[EventType "swiss"]
[EventRounds "9"]
[EventCountry "CAN"]
[SourceTitle "EXT 2022"]
[Source "ChessBase"]
[SourceDate "2021.10.06"]
[SourceVersion "1"]
[SourceVersionDate "2021.10.06"]
[SourceQuality "1"]

1. e4 e5 2. Nf3 Nc6 3. Bb5 a6 4. Ba4 Nf6 5. 0-0 Nxe4 6. Re1 Nc5 7. Nxe5 Be7 8. Bb3 Nxb3 9. axb3 0-0 10. d4 Nxe5 11. dxe5 d5 12. Nd2 c6 13. h3 Bf5 14. Nf3 Bc5 15. Nd4 Bxd4 16. Qxd4 Bxc2 17. Qg4 Qc8 18. Qg3 Qf5 19. Ra4 Qd3 20. f3 Qxb3 21. Rg4 Bg6 22. h4 h5 23. Rg5 Kh7 24. e6 Rfe8 25. e7 Rg8 26. Rge5 f6 27. R5e3 Qb6 28. Kh2 Qa7 29. Rb3 b5 30. Rbe3 Qb8 31. Re6 Qxg3+ 32. Kxg3 Rac8 33. Bd2 Rge8 34. Ba5 Kg8 35. Rd6 Kf7 36. Bd8 a5 37. Rc1 Bd3 38. Rcxc6 Rxc6 39. Rxc6 Bc4 40. Ra6 a4 41. Kf4 d4 42. Ke4 d3 43. Ke3 Rh8 44. Ra7 f5 45. Kf4 Rh6 46. Ba5 Re6 47. Kxf5 Re2 48. Bc3 d2 49. e8Q+ Kxe8 50. Ra8+ Kd7 51. Ba5 Bd5 52. Rd8+ Kc6 53. Bxd2 Rxd2 54. Ke5 b4 55. Rd6+ Kc5 56. Ra6 Re2+ 57. Kf5 Rxb2 58. Rxa4 b3 59. Kg6 Rxg2+ 60. Kf5 b2 0-1

[Event "Windsor NAYCC U12 Girls"]
[Site "Windsor"]
[Date "2016.08.08"]
[Round "3.115"]
[White "Cao, Claire"]
[Black "He, Emma"]
[Result "1-0"]
[WhiteElo "1569"]
[BlackElo "1446"]
[PlyCount "37"]
[EventDate "2016.08.07"]
[EventType "swiss"]
[EventRounds "9"]
[EventCountry "CAN"]
[SourceTitle "EXT 2022"]
[Source "ChessBase"]
[SourceDate "2021.10.06"]
[SourceVersion "1"]
[SourceVersionDate "2021.10.06"]
[SourceQuality "1"]

1. e4 e5 2. Nf3 Nc6 3. d4 exd4 4. Bc4 Bc5 5. 0-0 Nge7 6. Ng5 d5 7. exd5 Ne5 8. Bb3 0-0 9. Nxh7 Bg4 10. Qe1 Kxh7 11. Qxe5 Rh8 12. Qg3 Be2 13. Re1 Bd6 14. Bf4 Bb5 15. Bxd6 Nf5 16. Qh3+ Nh4 17. Be7 Qb8 18. Bxh4 Kg8 19. Qg3 1-0

[Event "CAN-ch U12 Girls"]
[Site "Windsor"]
[Date "2016.07.07"]
[Round "5.74"]
[White "Yang, Elena"]
[Black "He, Emma"]
[Result "1-0"]
[WhiteElo "1159"]
[BlackElo "1474"]
[PlyCount "83"]
[EventDate "2016.07.05"]
[EventType "swiss"]
[EventRounds "7"]
[EventCountry "CAN"]
[SourceTitle "EXT 2022"]
[Source "ChessBase"]
[SourceDate "2021.10.06"]
[SourceVersion "1"]
[SourceVersionDate "2021.10.06"]
[SourceQuality "1"]

1. e4 e5 2. Nf3 Nc6 3. Bc4 Nf6 4. d3 Bc5 5. c3 Be7 6. 0-0 0-0 7. Be3 d6 8. Nbd2 Na5 9. Bb5 a6 10. Ba4 b5 11. Bc2 c5 12. b4 cxb4 13. cxb4 Nc6 14. a3 Ne8 15. d4 f5 16. dxe5 dxe5 17. exf5 Bxf5 18. Bxf5 Rxf5 19. Qc2 Rf6 20. Ng5 g6 21. Qb3+ Kh8 22. Nf7+ Rxf7 23. Qxf7 Nd6 24. Qf3 Nd4 25. Qd1 N6f5 26. Nf3 Bf6 27. Nd2 Qd5 28. Re1 Nh4 29. f3 h5 30. Ne4 Be7 31. Rc1 Rg8 32. Ng3 g5 33. Bxd4 exd4 34. Rxe7 g4 35. Re4 d3 36. Rc5 Qd6 37. Rxh5+ Kg7 38. Rxh4 Qb6+ 39. Kf1 Rd8 40. Rexg4+ Kf8 41. Rh8+ Ke7 42. Rg7+ 1-0

[Event "CAN-ch U12 Girls"]
[Site "Windsor"]
[Date "2016.07.06"]
[Round "2.74"]
[White "He, Emma"]
[Black "Periappuram, Moira"]
[Result "0-1"]
[WhiteElo "1474"]
[BlackElo "542"]
[PlyCount "63"]
[EventDate "2016.07.05"]
[EventType "swiss"]
[EventRounds "7"]
[EventCountry "CAN"]
[SourceTitle "EXT 2022"]
[Source "ChessBase"]
[SourceDate "2021.10.06"]
[SourceVersion "1"]
[SourceVersionDate "2021.10.06"]
[SourceQuality "1"]

1. e4 e5 2. Nf3 Nc6 3. Bc4 Bc5 4. c3 Nf6 5. d4 exd4 6. cxd4 Be7 7. Nc3 0-0 8. 0-0 d6 9. h3 Bd7 10. Bg5 h6 11. Be3 Na5 12. Bd3 Bc6 13. b4 Bb5 14. Bxb5 Nc6 15. a3 a6 16. Bxc6 bxc6 17. e5 dxe5 18. dxe5 Qxd1 19. Raxd1 Nh7 20. Nd4 Rad8 21. Nxc6 Rxd1 22. Nxe7+ Kh8 23. Rxd1 Re8 24. Nf5 f6 25. e6 Nf8 26. e7 Ne6 27. Nd5 c6 28. Nf4 Ng5 29. Rd8 Rxd8 30. exd8Q+ Kh7 31. Qe7 Kh8 32. Qxg7# 0-1

[Event "CAN-ch U12 Girls"]
[Site "Windsor"]
[Date "2016.07.06"]
[Round "3.73"]
[White "Tan, Kylie"]
[Black "He, Emma"]
[Result "0-1"]
[WhiteElo "1620"]
[BlackElo "1474"]
[PlyCount "138"]
[EventDate "2016.07.05"]
[EventType "swiss"]
[EventRounds "7"]
[EventCountry "CAN"]
[SourceTitle "EXT 2022"]
[Source "ChessBase"]
[SourceDate "2021.10.06"]
[SourceVersion "1"]
[SourceVersionDate "2021.10.06"]
[SourceQuality "1"]

1. e4 e5 2. Nf3 Nc6 3. Bc4 Nf6 4. d3 Be7 5. 0-0 0-0 6. Re1 d6 7. c3 Na5 8. Bb5 c5 9. Ba4 Bg4 10. Nbd2 a6 11. Nf1 b5 12. Bc2 Nc6 13. h3 Bd7 14. Ne3 Qb6 15. Bd2 Be6 16. Bb3 Bxb3 17. Qxb3 g6 18. Qd1 Rad8 19. Nd5 Nxd5 20. exd5 Nb8 21. Nh2 f5 22. b3 Nd7 23. c4 Nf6 24. Nf1 bxc4 25. dxc4 Ne4 26. Be3 Bg5 27. Bxg5 Nxg5 28. Nd2 Nf7 29. Qc1 Qb7 30. Nf3 e4 31. Ng5 Nxg5 32. Qxg5 Rfe8 33. Re3 Qe7 34. Qxe7 Rxe7 35. Rae1 Rde8 36. f3 Kf7 37. Kf2 exf3 38. gxf3 Rxe3 39. Rxe3 Rxe3 40. Kxe3 g5 41. Kf2 Kf6 42. Kg2 Ke5 43. Kf2 h6 44. Ke3 h5 45. Kf2 Kd4 46. a3 a5 47. Ke2 Kc3 48. b4 axb4 49. axb4 Kxb4 50. Kd3 g4 51. h4 g3 52. Ke3 Kxc4 53. f4 g2 54. Kf2 Kxd5 55. Kxg2 Kd4 56. Kf3 Kd3 57. Kf2 Kd2 58. Kf3 c4 59. Kf2 c3 60. Kf3 c2 61. Kf2 c1Q 62. Kf3 Qf1+ 63. Kg3 Ke3 64. Kh2 Qxf4+ 65. Kg2 Qf2+ 66. Kh3 Qf3+ 67. Kh2 Qg4 68. Kh1 Kf2 69. Kh2 Qg2# 0-1

[Event "CAN-ch U12 Girls"]
[Site "Windsor"]
[Date "2015.07.08"]
[Round "4.84"]
[White "Cui, Cynthia"]
[Black "He, Emma"]
[Result "1-0"]
[WhiteElo "1386"]
[BlackElo "1001"]
[PlyCount "185"]
[EventDate "2015.07.06"]
[EventType "swiss"]
[EventRounds "7"]
[EventCountry "CAN"]
[SourceTitle "EXT 2022"]
[Source "ChessBase"]
[SourceDate "2021.10.06"]
[SourceVersion "1"]
[SourceVersionDate "2021.10.06"]
[SourceQuality "1"]

1. d4 d5 2. Nf3 Nc6 3. Bf4 Nf6 4. e3 Bg4 5. Be2 e6 6. h3 Bf5 7. Bd3 Be4 8. Bxe4 Nxe4 9. Nbd2 Nd6 10. c3 Be7 11. 0-0 0-0 12. Qc2 Nf5 13. Rfe1 Bd6 14. Bxd6 Nxd6 15. e4 Re8 16. Rad1 Ne7 17. Ne5 f6 18. Nef3 Ng6 19. e5 fxe5 20. Nxe5 Nxe5 21. Rxe5 Re7 22. Nf3 Ne4 23. Ng5 Nxg5 24. Rxg5 Rf7 25. Re5 Qf6 26. Rde1 Raf8 27. Rf1 c5 28. Qe2 cxd4 29. cxd4 Re8 30. Rxd5 exd5 31. Qxe8+ Rf8 32. Qe3 Rf7 33. Qc3 h6 34. Qc5 Qb6 35. Qxd5 Qxb2 36. Qc4 b5 37. Qd5 b4 38. h4 g6 39. g3 Kg7 40. Qe5+ Rf6 41. Qd5 Rf5 42. Qc4 Qd2 43. Kg2 Kf8 44. Qc8+ Kg7 45. Qc7+ Rf7 46. Qe5+ Rf6 47. Qc7+ Rf7 48. Qc4 Rf5 49. Kg1 Kf8 50. Kh1 Rxf2 51. Qc8+ Kg7 52. Qb7+ Kg8 53. Qb8+ Kg7 54. Qxa7+ Kg8 55. Qb8+ Kg7 56. Qc7+ Kg8 57. Qd8+ Kg7 58. Qe7+ Kg8 59. Qe6+ Kg7 60. Qe5+ Kg8 61. Qe6+ Kg7 62. Qe7+ Kg8 63. Rxf2 Qxf2 64. Qxb4 Qf1+ 65. Kh2 Qf2+ 66. Kh3 Qf5+ 67. Kg2 Qe4+ 68. Kf2 Qf5+ 69. Ke3 Qe6+ 70. Kd3 Qf5+ 71. Kc4 Qc8+ 72. Kb3 Qe6+ 73. Qc4 Qxc4+ 74. Kxc4 Kf7 75. Kd5 Ke7 76. Ke5 Kf7 77. a4 Ke7 78. d5 Kd7 79. d6 Kc8 80. Ke6 Kd8 81. d7 g5 82. h5 g4 83. a5 Kc7 84. a6 Kd8 85. a7 Kc7 86. d8Q+ Kxd8 87. a8Q+ Kc7 88. Qa6 Kb8 89. Qd6+ Ka8 90. Qd7 Kb8 91. Kd6 Ka8 92. Kc6 Kb8 93. Qb7# 1-0